Design and Analysis of a Broadband BALUN (1GHz to 6 GHz) (Record no. 566062)

000 -LEADER
fixed length control field 00551nam a22001817a 4500
020 ## - INTERNATIONAL STANDARD BOOK NUMBER
Qualifying information Hard Cover.
082 ## - DEWEY DECIMAL CLASSIFICATION NUMBER
Classification number BEE-5 YAS
100 ## - MAIN ENTRY--PERSONAL NAME
Personal name Yasir Altaf : Muhammad Mohsin
245 ## - TITLE STATEMENT
Title Design and Analysis of a Broadband BALUN (1GHz to 6 GHz)
Statement of responsibility, etc. Altaf Yasir : Muhammad Mohsin
260 ## - PUBLICATION, DISTRIBUTION, ETC.
Place of publication, distribution, etc. Islamabad:
Name of publisher, distributor, etc. SEECS NUST,
Date of publication, distribution, etc. 2012.
300 ## - PHYSICAL DESCRIPTION
Dimensions 30cm.
563 ## - BINDING INFORMATION
Binding note H/B
650 ## - SUBJECT ADDED ENTRY--TOPICAL TERM
Topical term or geographic name entry element BEE
700 ## - ADDED ENTRY--PERSONAL NAME
Linkage Ahsan Azhar
856 ## - Uniform Resource Identifier
Uniform Resource Identifier <a href="http://10.250.8.41:8080/xmlui/handle/123456789/11523">http://10.250.8.41:8080/xmlui/handle/123456789/11523</a>
942 ## - ADDED ENTRY ELEMENTS (KOHA)
Source of classification or shelving scheme
Koha item type Project Report
Holdings
Withdrawn status Lost status Source of classification or shelving scheme Damaged status Not for loan Permanent Location Current Location Shelving location Date acquired Full call number Barcode Date last seen Price effective from Koha item type
WITHDRAWN         Central Library (CL) Central Library (CL) Thesis 05/19/2021 BEE-5 YAS SEECSP01141 05/19/2021 05/19/2021 Project Report
© 2023 Central Library, National University of Sciences and Technology. All Rights Reserved.